|
|
|
|
| LEADER |
00933nam a2200253 a 4500 |
| 001 |
2912727 |
| 008 |
091004s1988 enka b 001 0 eng d |
| 010 |
|
|
|a \\\88061057
|
| 020 |
|
|
|a 0803980493
|
| 020 |
|
|
|a 0803980507 (pbk.)
|
| 040 |
|
|
|a Uk
|c DLC
|d DLC
|
| 082 |
0 |
0 |
|a 361/.06
|2 19
|
| 100 |
1 |
|
|a Mearns, Dave.
|
| 245 |
1 |
0 |
|a Person-centred counselling in action /
|c Dave Mearns and Brian Thorne.
|
| 260 |
|
|
|a London ;
|a Newbury Park :
|b Sage Publications,
|c 1988.
|
| 300 |
|
|
|a 152 p. :
|b ill. ;
|c 23 cm.
|
| 490 |
0 |
|
|a Counselling in action
|
| 504 |
|
|
|a Includes bibliographical references (p. [149]-150) and index.
|
| 541 |
1 |
|
|e 00005693
|
| 650 |
|
0 |
|a Counseling.
|
| 700 |
1 |
|
|a Thorne, Brian,
|d 1937-
|
| 852 |
4 |
|
|a Ayesha Abed Library
|j General shelf
|
| 999 |
|
|
|c 4226
|d 4226
|
| 952 |
|
|
|0 0
|1 0
|2 ddc
|4 0
|6 361_060000000000000_MEA_1995
|7 0
|9 3886
|a BRACUL
|b BRACUL
|c GEN
|d 2009-10-04
|g 1120.00
|l 0
|o 361.06 MEA
|p 3010005693
|r 2009-10-04
|t 1
|v 2240.00
|w 2009-10-04
|y BK
|